| 000 | 00721nam a22002651 4500 | ||
|---|---|---|---|
| 001 | 15414 | ||
| 003 | BD-RjUL | ||
| 005 | 20211208235817.0 | ||
| 008 | 140210s1968 enk b 001 0 eng d | ||
| 035 | _a(BD-RjUL)15468 | ||
| 040 |
_aDLC _cDLC _dDLC _dBD-RjUL _beng |
||
| 041 | _aeng | ||
| 082 | 0 | 0 |
_a158.7 _bWIH 1968 |
| 100 | 1 |
_aWillings, David _947882 |
|
| 245 | 1 | 4 |
_aThe human element in management / _c David Willings. |
| 260 |
_aLondon : _bBatsford, _cc1968. |
||
| 300 |
_a224 p. : _c22 cm. |
||
| 350 | _a42/- | ||
| 490 | 0 | _aModern management series | |
| 504 | _aBibliography: p. 216-218. | ||
| 650 | 0 |
_aPsychology, Industrial. _93670 |
|
| 942 |
_2ddc _cBK |
||
| 999 |
_c15414 _d15414 |
||